000 00320 a2200109 4500
001 ART_11211
005 20260410161855.0
008 260409a
245 1 0 _aCarlos Marx entre el mito y la verdad
100 1 _aTagle, Manuel
773 0 _tRevista de Economía
_g- Nº 38/39 (sep./dic. 1983)
_wREV11077
999 _c25384
_d25384